000 00208nam a2200097Ia 4500
008 231207s9999 xx 000 0 und d
082 _a962
_bRIA
100 _aRiaz Ahmad
245 0 _aMisr
260 _bTakhliqaat
999 _c13078
_d13078